000 01463nam a22001937a 4500
005 20250830112732.0
008 250830b |||||||| |||| 00| 0 eng d
037 _cTextual
040 _aRTL
_cRTL
084 _aY:3(Q), P8
_qRTL
100 _aNye, Malorg
_9819459
245 _aNye-religion: The basics
250 _a2nd ed
260 _aLondon
_bRoutledge
_c2008
300 _aviii 232 p.
_bIncludes bibliographical references and index
520 _aFrom the local to the global level, religion is – more than ever – an important and hotly debated part of modern life in the twenty-first century. From silver rings to ringtones and from clubs to headscarves, we often find the cultural role and discussion of religion in unexpected ways. Now in its second edition, Religion: The Basics remains the best introduction to religion and contemporary culture available. The new edition has been fully revised and updated, and includes new discussions of: the study of religion and culture in the twenty-first century texts, films and rituals cognitive approaches to religion globalization and multiculturalism spirituality in the West popular religion. With new case studies, linking cultural theory to real world religious experience and practice, and guides to further reading, Religion: The Basics is an essential buy for students wanting to get to grips with this hotly debated topic.
650 _aReligion
942 _2CC
_cTEXL
_hY:3(Q), P8
_n0
999 _c1435020
_d1435020